Aplikovaná ekonometrie teorie a praxe
Guardado en:
| Autor principal: | |
|---|---|
| Otros Autores: | |
| Formato: | Libro |
| Lenguaje: | checo |
| Publicado: |
Praha
Professional Publishing
2003
|
| Materias: | |
| Etiquetas: |
Sin Etiquetas, Sea el primero en etiquetar este registro!
|
MARC
| LEADER | 00000nam$a2200000$$$4500 | ||
|---|---|---|---|
| 001 | 0019414 | ||
| 005 | 20240306141311.3 | ||
| 020 | |a 80-86419-29-0 | ||
| 041 | 0 | |a cze | |
| 044 | |a CZ | ||
| 245 | 1 | 0 | |a Aplikovaná ekonometrie |b teorie a praxe |c Roman Hušek, Jan Pelikán |
| 264 | 1 | |a Praha |b Professional Publishing |c 2003 | |
| 300 | |a 263 s. | ||
| 610 | 2 | 0 | |a ekonometria |
| 610 | 2 | 0 | |a modely ekonometrické |
| 610 | 2 | 0 | |a modely dynamické |
| 610 | 2 | 0 | |a modely analytické ekonometrické |
| 610 | 2 | 0 | |a modely logistické |
| 610 | 2 | 0 | |a funkcie produkčné |
| 610 | 2 | 0 | |a funkcie spotrebné |
| 610 | 2 | 0 | |a modely dopytu |
| 610 | 2 | 0 | |a analýza ekonometrická |
| 610 | 2 | 0 | |a modely makroekonomické |
| 610 | 2 | 0 | |a modely lineárne |
| 100 | 1 | |a Hušek, Roman | |
| 700 | 1 | |a Pelikán, Jan | |